Bosc nou : una propuesta de educación medioambiental / una propuesta de educación medioambiental /

ISBN: 8477944695
Publicado: Barcelona : Diputació de Barcelona , 1996
Descripción Física: 283 pàgines, 2 pàgines desplegades. : il·lustracions ; 30 cm
Idioma: Español

MARC

LEADER 00000nam a2200000 a 4500
001 26625
008 220901s1996 spa||||| |||| 00| 0 spa d
017 |a DL B-36837-1996 
020 |a 8477944695 
080 |a 26625 
245 |a Bosc nou :  |b una propuesta de educación medioambiental /   |c proyecto organizado por la Diputación de Barcelona con la ayuda económica de la Comisión Europea 
250 |a Primera edición 
260 |a Barcelona :  |b Diputació de Barcelona,  |c septiembre 1996 
300 |a 283 pàgines, 2 pàgines desplegades. :  |b il·lustracions ;  |c 30 cm 
590 |a Participen en el projecte: Ajuntament de Cannobio, Ajuntament de Nea Penteli, Ajuntament de Sant Quintí de Mediona.  
590 |a Hi ha un exemplar en italià amb R. 17909 i en grec amb R. 17910 a C-2-464 
650 |a Boscos  |x Protecció  |x Educació primària   |9 21145 
650 0 |a Educació ambiental  |z Barcelona (Catalunya : Província)  |9 49842 
650 0 |a Boscos i silvicultura  |x Educació primària  |9 21147 
710 1 |a Barcelona (Catalunya : Província).  |b Diputació  |9 52408 
710 2 |a Comissió Europea  |9 3280 
710 1 |a Sant Quintí de Mediona (Catalunya).  |9 54335  |b Ajuntament 
901 |a Arxiu 
942 |n 1  |2 udc  |c ARXIU 
952 |0 0  |1 0  |4 0  |6 BIB929  |7 1  |9 63703  |a Arxiu  |b Arxiu  |d 2022-09-01  |l 0  |o Bib-929  |p 26625  |r 2022-09-01 00:00:00  |w 2022-09-01  |y ARXIU 
999 |c 82632  |d 82632